LEADER 00898nam0-22003011i-450 001 990001701990403321 005 20190529131333.0 035 $a000170199 035 $aFED01000170199 035 $a(Aleph)000170199FED01 035 $a000170199 100 $a20030910d1980----km-y0itay50------ba 101 0 $aita 200 1 $aAnalisi mediante simulazione del costo della vendemmia tradizionale e meccanica in Piemonte$fLuigi Lisa 210 $aTorino$cCNR$d1980 215 $a41 p.$d24 cm 610 0 $aPiemonte 610 0 $aMacchine raccoglitrici 610 0 $aUva 676 $a631.35 700 1$aLisa,$bLuigi$0354445 801 0$aIT$bUNINA$gRICA$2UNIMARC 901 $aLG 912 $a990001701990403321 952 $a60 OP. 121/3$fFAGBC 959 $aFAGBC 996 $aAnalisi mediante simulazione del costo della vendemmia tradizionale e meccanica in Piemonte$9362329 997 $aUNINA LEADER 01489nbm0 22003371i 450 001 UON00159881 005 20250413065257.89 100 $a20020517d1504 |0itac50 ba 101 $aara 102 $aEG 105 $a|||| ||||| 181 $ai$b e 182 $an 200 1 $aˆal-‰Qur??n al 205 $a?m. - [E 210 $ao]. - Datazione alla c$d492r, 910 H 215 $a4]. - cc. I, 1v-49$d II ; Carta orientale$dura ; 14,30 x 311 $aMICRO FILM 67$9UON00244099 316 $aEx inv. illegibile$5IT-UONSI MSARA/025 330 $aCorano. Varie note a margine. 451 0$1001UON00244099$12001 $aMicrofilm n. 4 di manoscritti arabi della Biblioteca 'Maurizio Taddei', Napoli: MS ARA 17; 30; 32; 31; 25; 26; 27; 28; 29; 192; 193; 194; 195; 229; 230; 231; 235; 236; 237; 238; 239; 240; 9$1210 $aNapoli$cCanonab$d2003$1215 $a2649 fotogrammi$d16 mm$vMS ARA 25 MICRO FILM 67 606 $aCORANO$xCommentari$3UONC000401$2FI 606 $aCorano$xManoscritti$3UONC003787$2FI 606 $aManoscritti arabi$xCorano$3UONC003788$2FI 686 $aMANOSCRITTI$cManoscritti$2A 801 $aIT$bSOL$c20250418$gRICA 899 $aSIBA - SISTEMA BIBLIOTECARIO DI ATENEO$2UONSI 912 $aUON00159881 950 $aSIBA - SISTEMA BIBLIOTECARIO DI ATENEO$dSI MS ARA 025 $eSI SA 105015 7 025 Ex inv. illegibile$sDeteriorato 996 $aQur??n al$94369573 997 $aUNIOR